01169 2200337 4500001002100000005001500021035002000036007000300056008004100059020002200100082001500122084001700137100003200154245021100186250003500397300004200432650001700474700002300491700002900514700003900543264004300582336002100625337003000646338002300676040002200699090002200721850001200743504003200755999002200787990002200809INLIS00000000090150620260114025510 a0010-0126000439ta260114s2022 yoia g ind d a978-623-484-043-804223a363.34 a363.34 TRI p0 aTrilaksmi UdiatiePengarang10aPeran kearifan lokal dalam mitigasi di daerah rawan bencana alam :bstudi kasus di Kabupaten Karanganyar, Provinsi Jawa Tengah /cTrilaksmi Udiati, Suryani, Ani Mardiyati; penyunting, Sunit Agus Tri Cahyono aCetakan pertama: Desember 2022 axiv, 72 halaman :bilustrasi ;c21 cm 4aBencana alam0 aSuryaniePengarang0 aAni MardiyatiePengarang0 aSunit Agus Tri CahyonoePenyunting31aBantul :bIDEA Press Yogyakarta,c2022 2rdacontentateks 2rdamediaatanpa perantara 2rdacarrieravolume aYOPDYOGbinderda aCB-D.11 2022-5305 aYOPDYOG aBibliografi : halaman 66-72 aCB-D.11/2022-5305 aCB-D.11/2022-5305